Zahrada a legenda o zachránci : dětský thriller /
Dobrodružný fantasy příběh, jehož hlavním hrdinou je třináctiletý Marty, který má za úkol zachránit tajemnou Zahradu života.
Uloženo v:
| Série: | Zahrada,
část 1 |
|---|---|
| Hlavní autor: | |
| Médium: | E-audiokniha |
| Jazyk: | Czech |
| Vydáno: |
V Brně :
CPress,
2021
|
| Vydání: | 1. vydání |
| Témata: | |
| Příbuzné jednotky: | Z cyklu::
Zahrada |
| Tagy: |
Žádné tagy |
| LEADER | 04168nam a2200817 i 4500 | ||
|---|---|---|---|
| 001 | 313155 | ||
| 003 | CZ PrSKC | ||
| 005 | 20260601215736.0 | ||
| 007 | ta | ||
| 008 | 211101s2021 xr a c 000 f cze | ||
| 015 | |a cnb003368866 | ||
| 020 | |a 9788026439059 |q (vázáno) : |c Kč 249,00 | ||
| 035 | |a (OCoLC)1288052086 | ||
| 035 | |a (OCoLC)1291382340 | ||
| 040 | |a ABG001 |b cze |e rda | ||
| 072 | 7 | |a 821.162.3-3 |x Česká próza |2 Konspekt | |
| 072 | 7 | |a 821-93 |x Literatura pro děti a mládež (beletrie) |2 Konspekt | |
| 080 | |a 821.162.3-31 |2 MRF | ||
| 080 | |a 821-93 |2 MRF | ||
| 080 | |a (0:82-312.9) |2 MRF | ||
| 080 | |a (0:82-311.3) |2 MRF | ||
| 100 | 1 | |a Harnach, Jiří, |d 1977- |7 mzk2016923153 |4 aut | |
| 245 | 1 | 0 | |a Zahrada a legenda o zachránci : |b dětský thriller / |c Harnach |
| 250 | |a 1. vydání | ||
| 264 | 1 | |a V Brně : |b CPress, |c 2021 | |
| 300 | |a 183 stran : |b ilustrace ; |c 22 cm | ||
| 336 | |a text |b txt |2 rdacontent | ||
| 337 | |a bez média |b n |2 rdamedia | ||
| 338 | |a svazek |b nc |2 rdacarrier | ||
| 520 | 2 | |a Dobrodružný fantasy příběh, jehož hlavním hrdinou je třináctiletý Marty, který má za úkol zachránit tajemnou Zahradu života. |b Marty je docela obyčejný kluk, který se rád toulá městem a objevuje skrytá zákoutí. Jednoho dne narazí na záhadnou omšelou zeď, kterou nedokáže přelézt. Svou tajemností ho uhrane tak, že se k ní začne pravidelně vracet. Má totiž pocit, že ho k ní něco zvláštního táhne. Netuší, že Zahrada, kterou zeď chrání, skrývá nečekaná tajemství, prastarý zahradní národ, ale bohužel i notnou dávku nebezpečí. Nakladatelská anotace. Kráceno. | |
| 521 | 8 | |a Pro čtenáře od 9 let | |
| 655 | 7 | |a české romány |7 fd133974 |2 czenas | |
| 655 | 7 | |a fantasy romány |7 fd184199 |2 czenas | |
| 655 | 7 | |a dobrodružné romány |7 fd132061 |2 czenas | |
| 655 | 7 | |a publikace pro děti |7 fd133156 |2 czenas | |
| 655 | 9 | |a Czech fiction |2 eczenas | |
| 655 | 9 | |a fantasy novels |2 eczenas | |
| 655 | 9 | |a adventure novels |2 eczenas | |
| 655 | 9 | |a children's literature |2 eczenas | |
| 787 | 0 | 8 | |i Z cyklu: |t Zahrada |g 1 |
| 900 | |a ABA001 |b 21 | ||
| 928 | 9 | |a Albatros Media - CPress | |
| 044 | |a xr | ||
| 505 | 0 | 0 | |t Díl pevní Kapitola I Hlas ze Zarady (2 min., 46 sek.) |
| 505 | 0 | 0 | |t Kapitola II Zahrada (4 min., 40 sek.) |
| 505 | 0 | 0 | |t Kapitola III U zdi (5 min., 59 sek.) |
| 505 | 0 | 0 | |t Kapitola IV Chlapec s tetováním (6 min., 54 sek.) |
| 505 | 0 | 0 | |t Kapitola V Za vysvědčení (6 min., 7 sek.) |
| 505 | 0 | 0 | |t Kapitola VI Jízda strachu (13 min., 21 sek.) |
| 505 | 0 | 0 | |t Kapitola VII Dvířka (28 min., 27 sek.) |
| 505 | 0 | 0 | |t Kapitola VIII Legenda o zachránci (14 min., 41 sek.) |
| 505 | 0 | 0 | |t Kapitola IX Bitva u angreštových keřů (8 min., 48 sek.) |
| 505 | 0 | 0 | |t Kapitola X Černé nebezpečí (14 min., 42 sek.) |
| 505 | 0 | 0 | |t Kapitola XI Sophie (15 min., 49 sek.) |
| 505 | 0 | 0 | |t Kapitola XII Legenda o Staročarostudně (part A) (34 min., 17 sek.) |
| 505 | 0 | 0 | |t Kapitola XII Legenda o Staročarostudně (part B) (7 min., 56 sek.) |
| 505 | 0 | 0 | |t Díl druhý Kapitola XIII Teza (8 min., 32 sek.) |
| 505 | 0 | 0 | |t Kapitola XIV Léčka (9 min., 43 sek.) |
| 505 | 0 | 0 | |t Kapitola XV Druhý zachránce (21 min., 26 sek.) |
| 505 | 0 | 0 | |t Kapitola XVI Rozsekat - rozřezat - zabít (5 min., 3 sek.) |
| 505 | 0 | 0 | |t Kapitola XVII Všichni jsou v pohybu (27 min., 59 sek.) |
| 505 | 0 | 0 | |t Kapitola XVIII Bitva u Hlavního rozscestí (28 min., 27 sek.) |
| 505 | 0 | 0 | |t Díl třetí Kapitola XIX Nový šlen družiny (12 min., 40 sek.) |
| 505 | 0 | 0 | |t Kapitola XX Druhou šanci (3 min., 9 sek.) |
| 505 | 0 | 0 | |t Kapitola XXI Na hraně (21 min., 52 sek.) |
| 505 | 0 | 0 | |t Kapitola XXII Generáloid (11 min., 53 sek.) |
| 505 | 0 | 0 | |t Kapitola XXIII Bazén (17 min., 39 sek.) |
| 505 | 0 | 0 | |t Kapitola XXIV Staročarostudna (16 min., 40 sek.) |
| 910 | |a RBIT002 | ||
| 998 | |d 365471 |a https://core.palmknihy.cz/api/books/365471/cover?sic3h3 |b https://core.palmknihy.cz/api/books/365471/cover/400?sic3h3 |c https://core.palmknihy.cz/api/books/365471/cover/50?sic3h3 |e 2031-12-31 |i 9788026439059 |l 21000 |q 49 |r 1 |s https://www.palmknihy.cz/kniha/365471 |t audiobook |y 2021 |z 0 | ||
| 999 | |d 313153 | ||